000 00935nam a2200229Ia 4500
003 IN-BaIIA
008 211028s9999 xx 000 0 eng d
020 _a0-7923-4985-7
040 _cIIA Library
080 _a52(082.1)
_bASS-229
111 _aYohkoh Anniversary Symposium
_n5th
_cJapan
_d1996 Nov. 6-8
_921866
245 0 _aObservational plasma astrophysics-five years of Yohkoh and beyond
_bproceedings of the Yohkoh fifth anniversary symposium held in Yoyogi, Tokyo, Japan, 6-8 Nov 1996
_cedited by T. Watanabe, Kosugi T., A. C. Sterling
260 _aDordrecht
_bKluwer Academic
_c1998
300 _axii, 398p.
490 _aAstrophysics and space science library; v. 229
650 _aAstrophysics
_9794
650 _aPlasma astrophysics
_93786
650 _aPlasma physics
_93732
700 _aKosugi, T., ed.
_921867
700 _aSterling, A. C., ed.
_921868
942 _cBK
999 _c12491
_d12491